000 00575nam a2200205 a 4500
001 18223
003 CO-ViMGA
008 141112s2004 ck r 000 u spa d
020 _a9681845498
040 _aCO-ViMGA
_bspa
_cCO-ViMGA
082 0 4 _a664.752 G477p
100 1 _aGisslen, Wayne
_925946
245 1 0 _aPanaderia y reposteria para profesionales
260 _aMexico,
_cLimusa,
_c2002
300 _a378.p.
590 _aForma de adquisición : Premio - Mincultura
650 1 4 _aPANADERIA - RECETAS
_925947
650 1 4 _aREPOSTERIA - RECETAS
_925948
942 _2ddc
_cBK
999 _c27582
_d27582